Imaginario colectivo y creación matemática : la construcción social del número, el espacio y lo imposible en China y Grecia /

Contenido: Ciencias del hombre y matemáticas: crónica de una resistencia; Algebra y numerología chinas: maneras de negatividad radical; El episteme griego o los límites de la abstracción; Conflicto de los imaginarios en Diofanto: el decirse de lo indecible.

Tallennettuna:
Bibliografiset tiedot
Päätekijä: Lizcano, Emmánuel (autor)
Muut tekijät: Escohotado, Antonio (prólogo) (prólogo)
Aineistotyyppi: Kirja
Kieli:espanja
Julkaistu: Barcelona, España : Madrid, España : Gedisa ; Universidad Autónoma de Madrid, 1993, c1993
Sarja:(Cla-De-Ma. Hombre y Sociedad)
Aiheet:
Tagit: Lisää tagi
Ei tageja, Lisää ensimmäinen tagi!

MARC

LEADER 00000nam^a2200000^a^4500
001 000172864
005 20250521000000.0
009 20260310101433.082
020 |a 84-7432-501-3 
037 |a Acervo ITESO - Biblioteca 
041 |a ESP 
082 |a 510. 9  |b LIZ 
100 |a Lizcano, Emmánuel  |e (autor) 
245 1 0 |a Imaginario colectivo y creación matemática :  |b la construcción social del número, el espacio y lo imposible en China y Grecia /  |c E. Lizcano ; pról. de A. Escohotado. 
264 4 |a Barcelona, España :  |b Gedisa ;  |a Madrid, España :  |b Universidad Autónoma de Madrid,  |c 1993, c1993 
300 |a 288 p. 
336 |a texto  |b txt  |2 rdacontenido 
337 |a sin mediación  |b n  |2 rdamedio 
338 |a volumen  |b nc  |2 rdasoporte 
440 1 |a (Cla-De-Ma.  |p Hombre y Sociedad) 
520 |a Contenido: Ciencias del hombre y matemáticas: crónica de una resistencia; Algebra y numerología chinas: maneras de negatividad radical; El episteme griego o los límites de la abstracción; Conflicto de los imaginarios en Diofanto: el decirse de lo indecible. 
649 |a XX 
650 |a Número (Concepto Matemático) -  |x Historia 
650 |a Matemáticas -  |z China -  |x Historia 
650 |a Matemáticas -  |z Grecia -  |x Historia 
650 |a Antropología Cultural 
650 |a Sociología de la Cultura 
650 |a Matemáticas -  |x Aspectos Sociales y Culturales 
650 |a Matemáticas -  |x Historia 
700 |a Escohotado, Antonio  |e (prólogo) 
910 |a Fondo General 
920 |a Impresos - Libros 
930 |a Colección General 
905 |a 101 
901 |a 0500110405  |b IT1  |c ACC  |u 20250521 
902 |a https://opac.biblio.iteso.mx/vufind/Record/000172864